| 000 | 004320000a22001570004500 | ||
|---|---|---|---|
| 003 | LK-CoMWRAF | ||
| 008 | 230817t1977 ||||| |||| 00| 0 eng d | ||
| 040 |
_aLK-CoMWRAF _dLK-CoMWRAF _eLK-CoMWRAF |
||
| 041 | _aeng | ||
| 082 |
_a700 _bEDU |
||
| 245 |
_aEducation and Socio Economic Development In Sri Lanka _b |
||
| 260 |
_aColombo _bSLFI _c1977 |
||
| 300 | _ap.231 | ||
| 490 | _a Sri Lanka Foundation Institute Pocket Book 1 | ||
| 942 | _cBK | ||
| 999 |
_c66 _d66 |
||